Countries With The Most Buddhists - Statistics

General Stats
  • This quiz has been taken 1,769 times
  • The average score is 18 of 20
Answer Stats
% # of Buddhists Country % Correct
18.2 245,150,000 China
100%
0.8 9,250,000 India
99%
36.2 45,820,000 Japan
97%
93.2 64,420,000 Thailand
97%
96.9 13,690,000 Cambodia
96%
16.4 14,380,000 Vietnam
96%
66.1 4,100,000 Laos
95%
0.7 1,720,000 Indonesia
94%
80.1 38,410,000 Myanmar
94%
10.3 3,080,000 Nepal
92%
22.9 11,050,000 South Korea
92%
19.8 5,010,000 Malaysia
91%
1.2 3,570,000 United States
91%
74.7 540,000 Bhutan
89%
55.1 1,520,000 Mongolia
83%
21.3 4,950,000 Taiwan
82%
33.9 1,730,000 Singapore
81%
69.3 14,450,000 Sri Lanka
81%
0.5 720,000 Bangladesh
79%
2.7 600,000 Australia
70%
No matching quizzes found
Score Distribution
Percent of People with Each Score
Percentile by Number Answered
Your Score History
You have not taken this quiz